[Event "IECC O-2863"]
[Site "IECC email"]
[Date "2008.11.16"]
[Round "?"]
[White "Lafargue, Philippe"]
[Black "Roberts, Bradley"]
[Result "1-0"]
[WhiteElo "915"]
[BlackElo "1003"]
[PlyCount "31"]
[EventDate "2008.??.??"]
[EventType "swiss (corr)"]
[EventRounds "2"]
[SourceTitle "Corr 2013"]
[Source "ChessBase"]
[SourceDate "2012.11.12"]
[SourceVersion "1"]
[SourceVersionDate "2012.11.12"]
[SourceQuality "1"]
[WhiteTeam "Australia"]
[BlackTeam "Canada"]
[WhiteTeamCountry "AUS"]
[BlackTeamCountry "CAN"]

1. Nc3 e5 2. Nf3 Nc6 3. e4 Nf6 4. d3 Bb4 5. Bd2 d5 6. Nxd5 Nxd5 7. exd5 Qxd5 8. Qe2 0-0 9. 0-0-0 Nd4 10. Qxe5 Qxa2 11. Bxb4 Nc6 12. Qc3 Re8 13. Ba3 Qd5 14. b4 a5 15. Bb2 axb4 16. Qxg7# 1-0